000 02142nam a2200349 a 4500
001 000017143
003 DO-SdBNP
005 20240409204118.0
008 100318s2005 dr 000 0 spa d
020 _a9993449369
040 _aDO-SdBNP
_bspa
_cBNPHU
049 _aBNPD
082 4 _a972.9304
_bD542u
_222
100 1 _aDíaz Bidó, Guillermo
_92807
245 1 0 _aUrbain Devaux y el alba de Palo Hincado /
_cGuillermo Díaz Bidó, César Cuevas Pérez.
260 _aSanto Domingo :
_bEditora Nacional,
_c2005.
300 _a181 p. ;
_c23 cm.
490 1 _aColección Premios Nacionales
500 _aIncluye datos biográficos de los autores en las solapas
504 _aBibliografía : p. 179-181.
505 0 _gPreámbulo --
_gIntroducción --
_t¿De Palo Hincado? ¿Que fue Palo Hincado?
_tUrbain Devaux llega a la expedición armada de Saint-Domingue --
_tEl ayudante comandante Devaux entra en acción --
_tTropas armadas del estado de Haití, operan en la parte de habla española --
_tGeneral Devaux se enfrenta a tropas del Estado haitiano --
_tEl general Devaux se instala en Santiago de los Caballeros --
_tLa iglesia católica en la época de monseñor Guillaume Mauviel --
_tInsurrección de las milicias nacionales contra las tropas francesas en Santiago de los Caballeros --
_tEl general Devaux abandona a Santiago: regreso a Francia --
_tConsideraciones de los autores --
_gAnexos --
_gBibliografía.
586 _aPremio anual de historia José Gabriel García, modalidad ensayo de investigación e interpretación, 2005.
600 1 4 _aDevaux, Marie-Jean-Baptiste,
_b1767-1830
_937753
651 0 _aRepública Dominicana --
_xHistoria --
_xGobierno colonial francés --
_y1795-1809
_937754
651 0 _aRepública Dominicana --
_xHistoria --
_yHasta, 1844
_9138
651 4 _aRepública Dominicana
_xHistoria
_yOcupación Haitiana, 1822-1844
_97666
651 4 _aHato Mayor (República Domincana)
_xHistoria,
_y1808
_937755
700 1 _aCuevas Pérez, César
_92803
830 0 _aColección Premios Nacionales
_937756
910 _aValidado. Control de calidad EMS
942 _2ddc
_cLBS1
999 _c16669
_d16669